000 00683nam a2200241Ia 4500
003 OSt
005 20220925214320.0
006 a|||||r|||| 00| 0
007 ta
008 220923b |||||||| |||| 00| 0 eng d
020 _a9780822339205
037 _cGeneral Book
040 _aRTL
_cRTL
_beng
041 _2eng
_aeng
082 _aKx783:(G:6), P7
100 _afranklin Sarah
_9135421
245 0 _aDolly mixtures
_b The remarking of genealogy
260 _aLondon
_bDuke University Press
_c2007
300 _ax,253p
_ccm.
500 _aBibliography: P.231-44
942 _hKx783:(G:6), P7
_cGB
_2CC
999 _c565118
_d565118